Top 5 Songs On Yellow Submarine (The Beatles) - Statistics

General Stats
  • This quiz has been taken 20 times
  • The average score is 4 of 5
Answer Stats
Hint Answer % Correct
134,599,687 Yellow Submarine
100%
19,365,928 Hey Bulldog
94%
6,443,230 Only A Northern Song
89%
167,529,677 All You Need is Love
83%
9,469,503 All Together Now
78%
No matching quizzes found
Score Distribution
Percent of People with Each Score
Percentile by Number Answered
Your Score History
You have not taken this quiz